| 000 | 01103nam a22002177a 4500 | ||
|---|---|---|---|
| 003 | OSt | ||
| 005 | 20260427093500.0 | ||
| 008 | 260427b |||||||| |||| 00| 0 eng d | ||
| 020 | _a9781107697454 | ||
| 040 | _aKenya National Library Service | ||
| 082 | _a306.0954 SIN | ||
| 100 |
_aSingh, Prerna. _eauthor |
||
| 245 |
_aHow Solidarity Works for Welfare: Subnationalism and Social Development in India (Cambridge Studies in Comparative Politics)/ _c Prerna Singh |
||
| 300 |
_axix, 332 pages ; _c 23 cm |
||
| 520 | _aWhy are some places in the world characterized by better social service provision and welfare outcomes than others? In a world in which millions of people, particularly in developing countries, continue to lead lives plagued by illiteracy and ill-health, understanding the conditions that promote social welfare is of critical importance to political scientists and policy makers alike. | ||
| 650 | _aNationalism — India | ||
| 650 | _aSocial policy — India | ||
| 942 |
_2ddc _cBK _n0 |
||
| 999 |
_c492396 _d492396 |
||